Największe Jeziora w Polsce - Statystyki

Ogólne statystyki
  • Ten quiz został rozwiązany 45 razy
  • Średni wynik to 8 z 13
Statystyki odpowiedzi
. Odpowiedź % Poprawnych
1 Śniardwy
100%
2 Mamry
97%
6 Jeziorak
77%
3 Łebsko
77%
10 Gopło
71%
7 Niegocin
68%
11 Wigry
65%
4 Dąbie
58%
9 Jamno
52%
8 Gardno
48%
5 Miedwie
48%
12 Roś
35%
13 Tałty
26%
Nie znaleziono quizów pasujących do podanych kryteriów
Rozkład punktacji
Procent ludzi z każdym wynikiem
Percentyl według liczby udzielonych odpowiedzi
Twoja historia wyników
Nie rozwiązałeś tego quizu